000 00620nam a2200265Ia 4500
005 20260306153000.0
008 008 260114s9999 xx 000 0 eng d
020 _a9780511554209
037 _aEBOOK
040 _aCRL
040 _beng
040 _cCRL
041 _2eng
041 _aeng
084 _qCRL
100 _aBoon/Plastow/Soyinka
_91124418
245 0 _aTheatre Matters
250 _a1st ed
260 _bCambridge University Press
260 _c2009
650 _aAfrican Studies
856 _uhttps://doi.org/10.1017/CBO9780511554209
942 _cEBOOK
999 _c1701726
_d1701726